| Поле | Инд. | ПП | Название | Значение |
|---|---|---|---|---|
| Тип записи | a | |||
| Библиографический уровень | a | |||
| 001 | Контрольный номер | 84b13117246e4d36b38f68084ed58e1c | ||
| 005 | Дата корректировки | 20241212095842.6 | ||
| 020 | a | ISBN | 978-5-7995-1373-3 | |
| 041 | 0_ | a | Код языка текста | rus |
| 080 | a | Индекс УДК | 691.535 | |
| 097 | b | Оператор | *Плё* | |
| 100 | 1_ | a | Автор | Лесников И.А. |
| 245 | 10 | a | Заглавие | Разработка состава композиционного гипсового вяжущего для 3D-печати |
| b | Продолж. заглавия | статья | ||
| p | Название части/ раздела | - Текст : электронный | ||
| 260 | a | Место издания | Тверь | |
| b | Издательство | ТвГТУ | ||
| 520 | 0_ | a | Аннотация | В статье представлены результаты разработки композиционного гипсового вяжущего для строительной 3D-печати. Большинство строительных смесей непригодно для использования в строительной 3D-печати, поскольку не обладают достаточной прочностью на сжатие. Композиционные смеси для 3D-печати используют в специальных принтерах, поэтому они должны 58 соответствовать определенным требованиям по физико-механическим и эксплуатационным параметрам. |
| 653 | 0_ | a | Ключевые слова | Композиционное гипсовое вяжущее |
| a | Ключевые слова | 3D-печать | ||
| a | Ключевые слова | Гипсоцементно-пуццолановое вяжущее | ||
| a | Ключевые слова | Добавка мела | ||
| a | Ключевые слова | Доменный шлак | ||
| a | Ключевые слова | Строительная смесь | ||
| 700 | 12 | a | Другие авторы | Новиченкова Т.Б. |
| 700 | 12 | a | Другие авторы | Петропавловская В.Б. |
| 700 | 12 | a | Другие авторы | Смирнова Е.В. |
| 773 | 18 | w | Контрольный № источника | b5f2281a861a4b79b61d0f71db93efb4 |
| t | Название источника | Инновации и моделирование в строительном материаловедении и строительстве | ||
| d | Место и дата издания | Тверь : ТвГТУ, 2024 | ||
| g | Прочая информация | С. 57-64 | ||
| 900 | a | Имя макрообъекта | 001-000164440-000000000-0000-0000-01 | |
| 901 | t | Тип документа | a | |
| 950 | a | Редактор записи | ст | |
| 951 | i | EL-ТГТУ? | да |